El orden verosímil del cosmos / (Record no. 186026)

MARC details
000 -LEADER
campo de control de longitud fija 00957nam a2200253 i 4500
001 - NÚMERO DE CONTROL
campo de control 186026
003 - IDENTIFICADOR DE NÚMERO DE CONTROL
campo de control SpMaBN
005 - FECHA Y HORA DE LA ÚLTIMA TRANSACCIÓN
campo de control 20250804062552.0
008 - DATOS DE LONGITUD FIJA--INFORMACIÓN GENERAL
campo de control de longitud fija 160905s1985 sp |||| | spa d
020 ## - NÚMERO INTERNACIONAL ESTÁNDAR DEL LIBRO
Número Internacional Estándar del Libro 84-206-0088-1
080 ## - NÚMERO DE LA CLASIFICACIÓN DECIMAL UNIVERSAL
Número de la Clasificación Decimal Universal 52"17"
100 1# - ENTRADA PRINCIPAL--NOMBRE DE PERSONA
Nombre de persona Maupertuis, Pierre Louis Moreau de.
9 (RLIN) 160709
245 13 - MENCIÓN DEL TÍTULO
Título El orden verosímil del cosmos /
Mención de responsabilidad, etc. P.L. Moreau de Maupertuis ; traducción, introducción y notas de Antonio Lafuente y José Luis Peset.
260 ## - PUBLICACIÓN, DISTRIBUCIÓN, ETC.
Lugar de publicación, distribución, etc. Madrid :
Nombre del editor, distribuidor, etc. Alianza Editorial,
Fecha de publicación, distribución, etc. [1985]
300 ## - DESCRIPCIÓN FÍSICA
Extensión 195 p. ;
Dimensiones 18 cm.
490 1# - MENCIÓN DE SERIE
Mención de serie El Libro de bolsillo ;
Designación de volumen o secuencia 1088. Ciencia y técnica
504 ## - NOTA DE BIBLIOGRAFÍA, ETC.
Nota de bibliografía, etc. Referencias bibliográficas.
650 ## - PUNTO DE ACCESO ADICIONAL DE MATERIA--TÉRMINO DE MATERIA
Término de materia o nombre geográfico como elemento de entrada Astronomía-
Subdivisión de forma Obras anteriores a 1800.
9 (RLIN) 10389
700 1# - ENTRADA AGREGADA--NOMBRE PERSONAL
Nombre de persona Lafuente, Antonio.
9 (RLIN) 69529
700 1# - ENTRADA AGREGADA--NOMBRE PERSONAL
Nombre de persona Peset, José Luis.
9 (RLIN) 91433
830 03 - PUNTO DE ACCESO ADICIONAL DE SERIE-TÍTULO UNIFORME
Título uniforme El libro de bolsillo
Designación de volumen o secuencia 1088. Ciencia y técnica
9 (RLIN) 177802
852 ## - LOCALIZACIÓN
Ubicación ES-MaACL
Número de control de estantería L-30624
Nota libre . - Donat. Miguel A. Velasco
Holdings
Estatus retirado Estado de pérdida Estado de daño No para préstamo Biblioteca de origen Biblioteca actual Ubicación en estantería Fecha de adquisición Fuente de adquisición Total de préstamos Signatura topográfica completa Código de barras Visto por última vez Precio de reemplazo Tipo de ítem Koha
        Biblioteca del Ateneo de Madrid Biblioteca del Ateneo de Madrid Depósito 2 05/09/2016     L-30624 1196121 23/02/2023 23/02/2023 Libro impreso